[Event "European Youth Chess Championship B18"]
[Site "Prague, Top Hotel Prague"]
[Date "2012.08.22"]
[Round "6.13"]
[White "Godart, Francois"]
[Black "Tilicheev, Viacheslav"]
[Result "0-1"]
[WhiteElo "2337"]
[BlackElo "2416"]
[PlyCount "94"]
[EventDate "2012.08.17"]

1. d4 Nf6 2. c4 g6 3. Nc3 Bg7 4. e4 d6 5. f4 O-O 6. Nf3 e5 7. dxe5 dxe5 8. Qxd8
Rxd8 9. Nxe5 Na6 10. Be2 Nc5 11. Bf3 Nfd7 12. Nxd7 Bxc3+ 13. bxc3 Bxd7 14. e5
Be6 15. O-O Bxc4 16. Rd1 Rxd1+ 17. Bxd1 Rd8 18. Bc2 Bd3 19. Be3 Bxc2 20. Bxc5
b6 21. Bf2 Rd2 22. Be1 Re2 23. g4 h5 24. gxh5 gxh5 25. Bf2 Bf5 26. Re1 Rxa2 27.
Re3 a5 28. Rg3+ Kf8 29. c4 h4 30. Rg5 Ra1+ 31. Kg2 Be4+ 32. Kh3 a4 33. Kxh4 a3
34. Rg3 Rh1 35. Bd4 c5 36. Bc3 a2 37. Re3 Rxh2+ 38. Kg4 Rg2+ 39. Kh4 Rc2 40.
Ba1 Rc1 41. Bb2 Rb1 42. Bc3 Rb3 43. Re2 Rxc3 44. Rxa2 Rxc4 45. Kg5 Rc2 46. Ra6
Rg2+ 47. Kh5 Rg6 0-1

[Event "European Youth Chess Championship B18"]
[Site "Prague, Top Hotel Prague"]
[Date "2012.08.22"]
[Round "6.14"]
[White "Andreev, Sasho"]
[Black "Meribanov, Vitaly"]
[Result "0-1"]
[WhiteElo "2197"]
[BlackElo "2381"]
[PlyCount "128"]
[EventDate "2012.08.17"]

1. Nf3 c5 2. b3 Nf6 3. c4 g6 4. Bb2 Bg7 5. g3 O-O 6. Bg2 Nc6 7. O-O d6 8. d3 a6
9. Nbd2 Bd7 10. e3 Rb8 11. Qe2 b5 12. Rfd1 Re8 13. h3 e5 14. Ne4 Qe7 15. Nxf6+
Bxf6 16. Nd2 Bg7 17. Ne4 b4 18. a3 f5 19. Nd2 Rb6 20. axb4 Nxb4 21. Nb1 e4 22.
dxe4 fxe4 23. Nc3 Bc6 24. Na4 Rbb8 25. Bxg7 Qxg7 26. Qb2 Qe7 27. Nc3 Qe5 28.
Qd2 Re6 29. Ne2 Rf6 30. Qc3 Qe7 31. Nf4 Qf7 32. h4 h6 33. Rd2 Rf8 34. Nh3 Bd7
35. Rf1 Bg4 36. Nf4 g5 37. Bxe4 gxf4 38. exf4 Bd7 39. Rfd1 Bc6 40. Qf3 Bxe4 41.
Qxe4 Qc7 42. Re2 Nc6 43. Qd5+ Kg7 44. Rde1 R6f7 45. Qf3 Nd4 46. Qg4+ Kh7 47.
Re4 Qb7 48. Qh5 Qd7 49. b4 Qf5 50. Qd1 Rg7 51. R4e3 Qg4 52. Qxg4 Rxg4 53. bxc5
dxc5 54. Ra3 Ra8 55. Re5 a5 56. Rxc5 a4 57. Ra2 Rg7 58. Rd5 Nc6 59. Rb5 a3 60.
f5 Ra4 61. f6 Rga7 62. Rb3 Nb4 63. f7 Kg7 64. Rf3 Kf8 0-1

[Event "European Youth Chess Championship B18"]
[Site "Prague, Top Hotel Prague"]
[Date "2012.08.22"]
[Round "6.15"]
[White "Kriebel, Tadeas"]
[Black "Horvat, Dan-Sebastian"]
[Result "1/2-1/2"]
[WhiteElo "2376"]
[BlackElo "2242"]
[PlyCount "118"]
[EventDate "2012.08.17"]

1. e4 c5 2. Nf3 d6 3. c3 Nf6 4. Bd3 g6 5. Bc2 Bg7 6. O-O O-O 7. h3 b6 8. Re1
Bb7 9. d4 Qc7 10. Bg5 Nbd7 11. Nbd2 Rfe8 12. Rc1 Rac8 13. Qe2 e5 14. dxe5 dxe5
15. Ba4 a6 16. c4 Red8 17. Bxd7 Rxd7 18. Bxf6 Bxf6 19. Nb1 Bg7 20. Nc3 Qb8 21.
Rcd1 Rcd8 22. Rxd7 Rxd7 23. Nd5 Bxd5 24. exd5 h6 25. b3 Qd6 26. g4 Rd8 27. Qe4
Rf8 28. Nxe5 Re8 29. f4 Re7 30. Re2 g5 31. Qf3 gxf4 32. Nc6 Rxe2 33. Qxe2 Bd4+
34. Kg2 Be3 35. Kf3 Qf6 36. Qd1 Qh4 37. Ke4 Qxh3 38. Ne7+ Kg7 39. d6 Bd4 40.
Qf3 Qxf3+ 41. Kxf3 Kf6 42. Ng8+ Ke6 43. Nxh6 Be5 44. Nf5 Bxd6 45. Nxd6 Kxd6 46.
Kxf4 Ke6 47. g5 Kd6 48. Kf5 Ke7 49. Ke5 Kd7 50. Kf6 Ke8 51. a3 a5 52. g6 fxg6
53. Kxg6 Ke7 54. Kf5 Kf7 55. Ke5 Ke7 56. Kd5 Kd7 57. a4 Kc7 58. Ke6 Kc6 59. Ke7
Kc7 1/2-1/2

[Event "European Youth Chess Championship B18"]
[Site "Prague, Top Hotel Prague"]
[Date "2012.08.22"]
[Round "6.16"]
[White "Guttulsrud, Odd Martin"]
[Black "Handler, Lukas"]
[Result "0-1"]
[WhiteElo "2172"]
[BlackElo "2368"]
[PlyCount "102"]
[EventDate "2012.08.17"]

1. e4 e5 2. Nf3 Nc6 3. Bb5 a6 4. Ba4 Nf6 5. O-O Be7 6. Re1 b5 7. Bb3 d6 8. c3
O-O 9. h3 Na5 10. Bc2 c5 11. d3 Nc6 12. Nbd2 Nd7 13. Nf1 Nb6 14. d4 cxd4 15.
cxd4 Bf6 16. d5 Nd4 17. Nxd4 exd4 18. Ng3 Nd7 19. Nh5 Be5 20. f4 d3 21. fxe5
dxc2 22. Qg4 g6 23. exd6 f5 24. exf5 Nf6 25. Nxf6+ Qxf6 26. Bh6 Bxf5 27. Qe2
Rfc8 28. g4 Qh4 29. Qe3 Bxg4 30. hxg4 Qxg4+ 31. Kh2 Qh4+ 32. Kg2 Qg4+ 33. Qg3
Qd4 34. Re7 Rf8 35. Rae1 Qxd5+ 36. Kg1 Qd4+ 37. Kh2 Rac8 38. Bxf8 c1=Q 39. Rxc1
Rxc1 40. Bh6 Qxb2+ 41. Kh3 Rh1+ 42. Kg4 Qd4+ 43. Bf4 Qd1+ 44. Qf3 h5+ 45. Kg3
h4+ 46. Kg4 Rg1+ 47. Kxh4 Qxf3 48. Re8+ Kf7 49. Re7+ Kf8 50. Bh6+ Kg8 51. Re8+
Kh7 0-1

[Event "European Youth Chess Championship B18"]
[Site "Prague, Top Hotel Prague"]
[Date "2012.08.22"]
[Round "6.18"]
[White "Ostovic, Matija"]
[Black "Drnovsek, Gal"]
[Result "0-1"]
[WhiteElo "2290"]
[BlackElo "2177"]
[PlyCount "121"]
[EventDate "2012.08.17"]

1. d4 d5 2. Nf3 Nf6 3. e3 e6 4. Bd3 Be7 5. O-O c5 6. b3 Nc6 7. Bb2 O-O 8. a3 b6
9. Ne5 Bb7 10. Nd2 Nd7 11. f4 f5 12. g4 g6 13. gxf5 Ncxe5 14. fxe5 gxf5 15. Rf3
Kh8 16. Rh3 Rg8+ 17. Kh1 Qe8 18. Nf3 Rg7 19. Qe2 Qf7 20. Rf1 Rag8 21. Bc1 Rg4
22. Qf2 R8g6 23. Be2 Qg7 24. Ne1 R4g5 25. Rh5 Rxh5 26. Bxh5 Rg5 27. Bf3 Ba6 28.
Be2 Bxe2 29. Qxe2 Rg4 30. Nf3 Qf8 31. Qa6 Qb8 32. c4 Qa8 33. Bb2 f4 34. Qb5 Qb7
35. dxc5 a6 36. c6 Qa8 37. Qa4 Nc5 38. Qb4 Qxc6 39. exf4 d4 40. Bc1 d3 41. Qc3
Qe4 42. Qe1 Qe2 43. Rf2 Qxe1+ 44. Nxe1 Ne4 45. Nxd3 Nxf2+ 46. Nxf2 Rg8 47. Ne4
Rd8 48. Kg2 Rd3 49. b4 Rd4 50. Nd6 Bxd6 51. exd6 Rxd6 52. Kf3 Rc6 53. Be3 Rxc4
54. Bxb6 Kg8 55. Kg4 Rc3 56. a4 Rc4 57. b5 Rxa4 58. bxa6 Rxa6 59. Bd4 Kf7 60.
Be5 Kg6 61. Bd4 0-1

[Event "European Youth Chess Championship B18"]
[Site "Prague, Top Hotel Prague"]
[Date "2012.08.22"]
[Round "6.19"]
[White "Lis, Marek"]
[Black "Nikologorskiy, Konstantin"]
[Result "1/2-1/2"]
[WhiteElo "2162"]
[BlackElo "2400"]
[PlyCount "90"]
[EventDate "2012.08.17"]

1. e4 c5 2. Nf3 d6 3. d4 cxd4 4. Qxd4 a6 5. Be3 Nf6 6. Nc3 Nc6 7. Qb6 Qxb6 8.
Bxb6 g6 9. Nd2 Bh6 10. O-O-O O-O 11. f3 Be6 12. Kb1 Nd7 13. Bf2 b5 14. Nb3 Rfc8
15. Be2 Bc4 16. Rhe1 Kf8 17. Nd5 Rab8 18. Be3 Bg7 19. Rd2 Bxe2 20. Rdxe2 a5 21.
Rd1 b4 22. Nd4 Nce5 23. Bg5 f6 24. Bc1 Kf7 25. f4 Nc6 26. f5 Nxd4 27. Rxd4 Rb5
28. Bd2 Ne5 29. c3 b3 30. axb3 Rxb3 31. Ka2 Rb5 32. Bf4 Nc6 33. Rd1 a4 34. g4
Na5 35. Rd4 Nc4 36. Ne3 Nb6 37. Nd5 Nxd5 38. exd5 gxf5 39. gxf5 a3 40. c4 Rxb2+
41. Rxb2 axb2 42. Kxb2 Rg8 43. Rd3 h5 44. Rh3 Rh8 45. Kc3 Bf8 1/2-1/2

[Event "European Youth Chess Championship B18"]
[Site "Prague, Top Hotel Prague"]
[Date "2012.08.22"]
[Round "6.20"]
[White "Swijsen, Lars"]
[Black "Straka, Jozef"]
[Result "0-1"]
[WhiteElo "2097"]
[BlackElo "2360"]
[PlyCount "72"]
[EventDate "2012.08.17"]

1. c4 Nf6 2. g3 g6 3. Bg2 Bg7 4. Nc3 O-O 5. d3 c6 6. e4 d6 7. Nge2 e5 8. O-O
Be6 9. h3 Qd7 10. Kh2 d5 11. exd5 cxd5 12. Qb3 d4 13. Nd5 Bxd5 14. cxd5 Na6 15.
f4 Nh5 16. fxe5 Bxe5 17. Nf4 Ng7 18. Qd1 Qd6 19. Qf3 Rac8 20. Rf2 Rc7 21. Ne2
Nb4 22. Bf4 Nf5 23. Bxe5 Qxe5 24. Qe4 Qd6 25. Rxf5 gxf5 26. Qxf5 Qg6 27. Qe5
Rc2 28. Nxd4 Nxd3 29. Qe3 Rxb2 30. Ne2 Nb4 31. Nf4 Qg7 32. Nh5 Rxg2+ 33. Kxg2
Qxa1 34. Qh6 Qb2+ 35. Kg1 Qd4+ 36. Kf1 Nxd5 0-1

[Event "European Youth Chess Championship B18"]
[Site "Prague, Top Hotel Prague"]
[Date "2012.08.22"]
[Round "6.21"]
[White "Mcclement, Andrew"]
[Black "Berchtenbreiter, Maximilian"]
[Result "1-0"]
[WhiteElo "2088"]
[BlackElo "2326"]
[PlyCount "63"]
[EventDate "2012.08.17"]

1. e4 c5 2. Nf3 d6 3. d4 cxd4 4. Nxd4 Nf6 5. Nc3 a6 6. Be3 e5 7. Nb3 Be6 8. f3
Be7 9. Qd2 O-O 10. O-O-O a5 11. Bb5 Nc6 12. g4 Na7 13. Bd3 Qb8 14. Kb1 Rc8 15.
g5 Nd7 16. f4 exf4 17. Bxf4 b5 18. Nd5 Bd8 19. Nd4 Ne5 20. h4 Qb7 21. h5 Nc4
22. Qh2 b4 23. g6 Bxd5 24. exd5 Bf6 25. gxf7+ Kh8 26. Qg2 Qxf7 27. Bg6 Qb7 28.
h6 Rg8 29. Bxh7 g5 30. Bxg8 gxf4 31. Be6 Nb5 32. Rdg1 1-0

[Event "European Youth Chess Championship B18"]
[Site "Prague, Top Hotel Prague"]
[Date "2012.08.22"]
[Round "6.22"]
[White "Pagerka, Martin"]
[Black "Ronka, Erik"]
[Result "1-0"]
[WhiteElo "2258"]
[BlackElo "2086"]
[PlyCount "123"]
[EventDate "2012.08.17"]

1. e4 c6 2. d4 d5 3. e5 Bf5 4. Nc3 e6 5. g4 Bg6 6. Nge2 f6 7. Nf4 fxe5 8. dxe5
Bf7 9. Bd2 Nd7 10. Qe2 Qc7 11. Nd3 Ne7 12. O-O-O h5 13. Bh3 hxg4 14. Bxg4 g6
15. Bg5 O-O-O 16. Kb1 Re8 17. h4 Nf5 18. Bxf5 exf5 19. Qd2 Nxe5 20. Nxe5 Qxe5
21. Rhe1 Qg7 22. Nxd5 cxd5 23. Rxe8+ Bxe8 24. Qxd5 Bd7 25. Rd4 Ba3 26. bxa3 Re8
27. Rc4+ Kb8 28. Bf4+ Ka8 29. Rc7 Bc6 30. Qd6 Qc3 31. Be5 Qc4 32. f4 a6 33. Qd3
Qa4 34. Qb3 Qxb3+ 35. axb3 a5 36. Rg7 Rh8 37. Rxb7 Rxh4 38. Rb6 Be4 39. Rxg6
Rh2 40. Rg8+ Kb7 41. Rb8+ Ka6 42. Rc8 Rg2 43. Rc5 Rd2 44. Bc7 a4 45. b4 Rd5 46.
Rc3 Kb5 47. Be5 Rd2 48. Rc5+ Kb6 49. Kb2 Rd5 50. Rc8 Rd2 51. Kc1 Rh2 52. Bd4+
Kb7 53. Rc3 Ka6 54. Rc7 Rh1+ 55. Kd2 Rh2+ 56. Kd1 Rh1+ 57. Ke2 Rh2+ 58. Bf2 Rh3
59. c4 Bb7 60. b5+ Ka5 61. Rxb7 Re3+ 62. Kf1 1-0

[Event "European Youth Chess Championship B18"]
[Site "Prague, Top Hotel Prague"]
[Date "2012.08.22"]
[Round "6.23"]
[White "Gabovits, Ilia"]
[Black "Blazeka, Matej"]
[Result "0-1"]
[WhiteElo "1893"]
[BlackElo "2245"]
[PlyCount "57"]
[EventDate "2012.08.17"]

1. e4 e5 2. Nf3 Nc6 3. Bc4 Bc5 4. O-O Nf6 5. d3 d6 6. c3 O-O 7. Nbd2 a6 8. Bb3
b5 9. h3 Bb7 10. a4 Bb6 11. Re1 Ne7 12. Nf1 Ng6 13. Ne3 c5 14. Nf5 c4 15. Bc2
cxd3 16. Bxd3 Qd7 17. Bg5 Nh5 18. Bc2 Bc7 19. Nxe5 Nxe5 20. Qxh5 g6 21. Nh6+
Kg7 22. Qe2 f6 23. Bf4 Rfe8 24. Ng4 d5 25. Bxe5 Bxe5 26. Nxe5 Rxe5 27. Qd2 Rae8
28. axb5 axb5 29. Re3 {...53.} 0-1

[Event "European Youth Chess Championship B18"]
[Site "Prague, Top Hotel Prague"]
[Date "2012.08.22"]
[Round "6.24"]
[White "Pecurica, Milos"]
[Black "Schreiner, Till"]
[Result "0-1"]
[WhiteElo "2132"]
[BlackElo "2234"]
[PlyCount "108"]
[EventDate "2012.08.17"]

1. d4 d5 2. c4 c6 3. Nf3 Nf6 4. Nc3 a6 5. c5 Nbd7 6. Bf4 Nh5 7. Bd2 g6 8. e4
dxe4 9. Nxe4 Ndf6 10. Neg5 Bg7 11. Bc4 O-O 12. O-O Nd5 13. Qb3 h6 14. Ne4 Nhf4
15. Ne5 Ne6 16. Be3 Kh7 17. Rad1 Qc7 18. Bxd5 cxd5 19. Nc3 Nxc5 20. Qxd5 Be6
21. Qxc5 Qxc5 22. dxc5 Bxe5 23. Bd4 Bxd4 24. Rxd4 Rfd8 25. Rfd1 Rxd4 26. Rxd4
Rc8 27. Rb4 Rc7 28. Rb6 Kg7 29. Kf1 a5 30. a3 Kf8 31. b4 axb4 32. axb4 Bc4+ 33.
Ke1 Ke8 34. h4 h5 35. Kd2 Kd8 36. g3 Rd7+ 37. Kc2 Kc7 38. Na4 Bd5 39. Kc3 Rd8
40. Nb2 Bc6 41. Nc4 Be4 42. Nb2 Ra8 43. Kd4 Bc6 44. Nc4 Ra1 45. Ke3 Rc1 46. Nd2
Re1+ 47. Kd3 Bd5 48. Rb5 Be6 49. Nf3 Rb1 50. Rb6 Rb3+ 51. Ke4 Bf5+ 52. Kf4 f6
53. b5 e5+ 54. Nxe5 Rb4+ 0-1

[Event "European Youth Chess Championship B18"]
[Site "Prague, Top Hotel Prague"]
[Date "2012.08.22"]
[Round "6.25"]
[White "Lewicki, Miroslaw"]
[Black "Verstraeten, Reinaert"]
[Result "0-1"]
[WhiteElo "2200"]
[BlackElo "2191"]
[PlyCount "72"]
[EventDate "2012.08.17"]

1. e4 c5 2. Nf3 d6 3. d4 cxd4 4. Nxd4 Nf6 5. Nc3 a6 6. Bg5 e6 7. f4 Be7 8. Qf3
Qc7 9. O-O-O Nbd7 10. g4 h6 11. Bxf6 Bxf6 12. h4 Qb6 13. Nb3 Qc7 14. Nd4 Qb6
15. Nce2 Nc5 16. g5 Be7 17. Ng3 Bd7 18. Nh5 Rg8 19. f5 hxg5 20. Nxg7+ Rxg7 21.
f6 Bxf6 22. Qxf6 Rg8 23. hxg5 Nxe4 24. Qf4 d5 25. Bg2 Qd6 26. Qh4 Qg3 27. Bxe4
Qxh4 28. Rxh4 dxe4 29. Rg1 f5 30. Rh6 e5 31. Ne2 O-O-O 32. Nc3 Bc6 33. g6 f4
34. g7 e3 35. Nd1 e2 36. Nf2 Rxg7 0-1

[Event "European Youth Chess Championship B18"]
[Site "Prague, Top Hotel Prague"]
[Date "2012.08.22"]
[Round "6.26"]
[White "Altini, Nicola"]
[Black "Sosovicka, Juraj"]
[Result "1/2-1/2"]
[WhiteElo "2379"]
[BlackElo "2108"]
[PlyCount "84"]
[EventDate "2012.08.17"]

1. d4 Nf6 2. c4 c6 3. Nf3 d5 4. Nc3 a6 5. e3 b5 6. c5 g6 7. Ne5 Bg7 8. f4 Nfd7
9. Nd3 Nf6 10. Be2 Bf5 11. g4 Be4 12. O-O Bxd3 13. Bxd3 e6 14. Bd2 Qc7 15. Qf3
h5 16. g5 Ng8 17. b4 Ne7 18. a4 Qb7 19. axb5 axb5 20. Nxb5 cxb5 21. Bxb5+ Nbc6
22. Qe2 O-O 23. Bc3 Nf5 24. Ba6 Qc7 25. Qd2 Nb8 26. Be2 Nd7 27. Rfc1 Rfb8 28.
b5 Rxa1 29. Bxa1 Bf8 30. Bc3 Ra8 31. Bb4 Qa7 32. Bd3 Qa4 33. Rb1 Rb8 34. Qc1
Qa7 35. Ra1 Qc7 36. Ba5 Qc8 37. Bb4 Qc7 38. Qd2 Bg7 39. Ba5 Qc8 40. Bxf5 exf5
41. c6 Rxb5 42. cxd7 Qxd7 1/2-1/2

[Event "European Youth Chess Championship B18"]
[Site "Prague, Top Hotel Prague"]
[Date "2012.08.22"]
[Round "6.27"]
[White "Aperia, Jakob"]
[Black "Emiroglu, Cankut"]
[Result "0-1"]
[WhiteElo "2098"]
[BlackElo "2299"]
[PlyCount "52"]
[EventDate "2012.08.17"]

1. c4 Nf6 2. g3 e6 3. Bg2 d5 4. Nf3 Be7 5. O-O O-O 6. d4 dxc4 7. Qc2 a6 8. a4
Bd7 9. Ne5 Bc6 10. Nxc6 Nxc6 11. Bxc6 bxc6 12. Rd1 Qd5 13. Nc3 Qh5 14. e4 Bb4
15. e5 Nd5 16. Bd2 c5 17. dxc5 Bxc5 18. Qe4 Rad8 19. Rf1 Nb4 20. Qxc4 Rxd2 21.
Qxc5 Nd3 22. Qxc7 Nxe5 23. b4 Rd3 24. h4 Nf3+ 25. Kg2 Nxh4+ 26. gxh4 Qg4+ 0-1

[Event "European Youth Chess Championship B18"]
[Site "Prague, Top Hotel Prague"]
[Date "2012.08.22"]
[Round "6.29"]
[White "Kyrkjebo, Erlend"]
[Black "Pop, Alexandru"]
[Result "0-1"]
[WhiteElo "2047"]
[BlackElo "2271"]
[PlyCount "70"]
[EventDate "2012.08.17"]

1. e4 e5 2. Nf3 Nc6 3. Nc3 Nf6 4. Bb5 Bb4 5. O-O O-O 6. d3 d6 7. Bg5 Ne7 8. Nd2
c6 9. Ba4 Ng6 10. a3 Ba5 11. Bb3 h6 12. Be3 Ng4 13. h3 Nxe3 14. fxe3 Qg5 15.
Kh1 Bb6 16. d4 Nh4 17. Qe2 exd4 18. exd4 Bxd4 19. Nf3 Nxf3 20. Rxf3 Be6 21.
Bxe6 fxe6 22. Raf1 Qe7 23. Qd3 Be5 24. Qe3 c5 25. g3 Rxf3 26. Rxf3 Rf8 27.
Rxf8+ Qxf8 28. Kg2 Bd4 29. Qe2 a6 30. Nd1 Qf6 31. c3 Be5 32. Ne3 Qg5 33. Ng4 h5
34. Nxe5 Qxe5 35. Qf3 d5 0-1

[Event "European Youth Chess Championship B18"]
[Site "Prague, Top Hotel Prague"]
[Date "2012.08.22"]
[Round "6.30"]
[White "Sofranov, Velizar"]
[Black "Starek, Stanislav"]
[Result "1-0"]
[WhiteElo "2218"]
[BlackElo "2052"]
[PlyCount "87"]
[EventDate "2012.08.17"]

1. d4 Nf6 2. c4 g6 3. g3 Bg7 4. Bg2 O-O 5. Nc3 d6 6. Nf3 Nbd7 7. O-O e5 8. h3
Re8 9. d5 a5 10. e4 Nc5 11. Ne1 Nfd7 12. Qc2 Rf8 13. Nf3 Nb6 14. b3 f5 15. Nd2
f4 16. g4 h5 17. f3 Kf7 18. Ne2 Rh8 19. Rb1 Qh4 20. a3 g5 21. b4 axb4 22. axb4
hxg4 23. fxg4 Bxg4 24. hxg4 Ncd7 25. Nf3 Qxg4 26. c5 Nc8 27. c6 bxc6 28. Qxc6
Ra7 29. Nxg5+ Kg6 30. Nf3 Ne7 31. Qc2 Nf6 32. Bd2 Kf7 33. Ra1 Rb7 34. Be1 Qh5
35. Bd2 Ng4 36. Rfc1 Rh6 37. Qd3 Rg6 38. Kf1 Nf6 39. Neg1 Nexd5 40. exd5 e4 41.
Qe2 Nxd5 42. Qxe4 Re6 43. Ng5+ Qxg5 44. Qxd5 1-0

[Event "European Youth Chess Championship B18"]
[Site "Prague, Top Hotel Prague"]
[Date "2012.08.22"]
[Round "6.31"]
[White "Braun, Marek"]
[Black "Pavel, Sebastian-Ionut"]
[Result "1-0"]
[WhiteElo "2200"]
[BlackElo "2045"]
[PlyCount "93"]
[EventDate "2012.08.17"]

1. d4 Nf6 2. g3 g6 3. Bg2 Bg7 4. c4 d6 5. Nc3 O-O 6. Nf3 c6 7. O-O Qa5 8. Bd2
e5 9. Qc2 Qc7 10. Rfd1 Re8 11. h3 Na6 12. a3 Be6 13. b3 h6 14. Rac1 Rac8 15.
Kh2 e4 16. Ne1 Qd7 17. Nxe4 Nxe4 18. Bxe4 Bxh3 19. Be3 Bg4 20. Rd2 d5 21. Bd3
h5 22. Ng2 Nc7 23. f3 Bh3 24. Bf2 Bxg2 25. Kxg2 Bh6 26. f4 h4 27. e3 hxg3 28.
Kxg3 Bg7 29. Rh1 Bf6 30. Bg1 Kg7 31. Rdh2 Rh8 32. Kf3 Rcg8 33. f5 g5 34. Rxh8
Rxh8 35. Rxh8 Kxh8 36. Qh2+ Kg7 37. Qh5 Ne8 38. Bh2 Nd6 39. Be5 Ne4 40. Bxe4
dxe4+ 41. Kxe4 Bxe5 42. dxe5 Qd2 43. f6+ Kg8 44. Qxg5+ Kf8 45. Qg7+ Ke8 46.
Qg8+ Kd7 47. Qxf7+ 1-0

[Event "European Youth Chess Championship B18"]
[Site "Prague, Top Hotel Prague"]
[Date "2012.08.22"]
[Round "6.34"]
[White "Suchomel, Ales"]
[Black "Nadirashvili, Shalva"]
[Result "0-1"]
[WhiteElo "2044"]
[BlackElo "2151"]
[PlyCount "70"]
[EventDate "2012.08.17"]

1. d4 g6 2. Nf3 Bg7 3. e4 d6 4. Be2 Nf6 5. Nbd2 O-O 6. O-O Nbd7 7. c3 e5 8.
dxe5 dxe5 9. Qc2 b6 10. Rd1 Bb7 11. Ne1 Qe7 12. f3 Nh5 13. Nf1 f5 14. Ne3 fxe4
15. fxe4 Nhf6 16. Bc4+ Kh8 17. Bd5 c6 18. Bc4 Nc5 19. Bd3 Nxd3 20. Qxd3 Rad8
21. Qc2 c5 22. Nd5 Nxd5 23. exd5 Bxd5 24. Be3 e4 25. Rd2 Bc4 26. Rxd8 Qxd8 27.
g3 Qf6 28. Qg2 Qe6 29. Qd2 Qf5 30. Nc2 Bd3 31. Rd1 Qh3 32. Bf2 Bh6 33. Ne3 Rf3
34. Re1 Bxe3 35. Bxe3 Rf1+ 0-1

[Event "European Youth Chess Championship B18"]
[Site "Prague, Top Hotel Prague"]
[Date "2012.08.22"]
[Round "6.35"]
[White "Papakonstantinou, Dimitrios"]
[Black "Archer-Lock, Adrian"]
[Result "1-0"]
[WhiteElo "2129"]
[BlackElo "1923"]
[PlyCount "55"]
[EventDate "2012.08.17"]

1. e4 e6 2. d4 d5 3. Nd2 dxe4 4. Nxe4 Nd7 5. Nf3 Ngf6 6. Nxf6+ Nxf6 7. c3 c5 8.
Ne5 cxd4 9. Bb5+ Bd7 10. Nxd7 Nxd7 11. Qxd4 a6 12. Ba4 b5 13. Bc2 Nc5 14. Qe3
Be7 15. O-O O-O 16. Qh3 g6 17. Bh6 Re8 18. Qg3 Bf8 19. Rad1 Qc8 20. Bg5 Qc6 21.
h4 Rac8 22. Rfe1 Be7 23. h5 Bxg5 24. Qxg5 Qc7 25. Rd4 Qe7 26. Qg3 Nd7 27. hxg6
hxg6 28. Bxg6 1-0

[Event "European Youth Chess Championship B18"]
[Site "Prague, Top Hotel Prague"]
[Date "2012.08.22"]
[Round "6.38"]
[White "Real, Thibault"]
[Black "Silva Rodriguez, Julio"]
[Result "0-1"]
[WhiteElo "2010"]
[BlackElo "2165"]
[PlyCount "30"]
[EventDate "2012.08.17"]

1. e4 e6 2. d4 d5 3. Nc3 Bb4 4. e5 c5 5. Bd2 Nh6 6. Nb5 Bxd2+ 7. Qxd2 O-O 8.
dxc5 Nc6 9. Nf3 b6 10. Nbd4 Nxd4 11. Qxd4 Nf5 12. Qc3 d4 13. Nxd4 Qxd4 14. Qxd4
Nxd4 15. O-O-O bxc5 0-1

[Event "European Youth Chess Championship B18"]
[Site "Prague, Top Hotel Prague"]
[Date "2012.08.22"]
[Round "6.39"]
[White "Konvicka, Martin"]
[Black "Lhotka, Jiri"]
[Result "1/2-1/2"]
[WhiteElo "1937"]
[BlackElo "2082"]
[PlyCount "83"]
[EventDate "2012.08.17"]

1. e4 c5 2. Nf3 d6 3. d4 cxd4 4. Nxd4 Nf6 5. Nc3 a6 6. Bg5 Nbd7 7. Bc4 e6 8.
Qd2 b5 9. Bd5 exd5 10. Nxd5 Bb7 11. O-O-O h6 12. Bxf6 Nxf6 13. Rhe1 Nd7 14. Nf5
g6 15. Qd4 Ne5 16. f4 gxf5 17. fxe5 Bxd5 18. exd6 Qg5+ 19. Kb1 fxe4 20. Qxh8
Kd7 21. Qd4 Bc6 22. Rf1 Qg6 23. Qc5 Qe6 24. Qh5 Ke8 25. Qc5 Rc8 26. Qd4 Bd7 27.
b3 f5 28. g4 Qg6 29. gxf5 Qg2 30. Rf2 Qg4 31. Re1 Kf7 32. Rxe4 Qg1+ 33. Kb2 Bc6
34. Rg4 Qe1 35. Rg6 Bd7 36. Qd5+ Ke8 37. Rf4 Qc3+ 38. Ka3 Qa5+ 39. Kb2 Qc3+ 40.
Ka3 Qa5+ 41. Kb2 Qc3+ 42. Ka3 1/2-1/2

[Event "European Youth Chess Championship B18"]
[Site "Prague, Top Hotel Prague"]
[Date "2012.08.22"]
[Round "6.40"]
[White "Krusina, Patrik"]
[Black "Scott, Gordon W"]
[Result "0-1"]
[WhiteElo "1922"]
[BlackElo "2026"]
[PlyCount "64"]
[EventDate "2012.08.17"]

1. b3 e5 2. Bb2 Nc6 3. c4 Nf6 4. e3 d5 5. Nf3 Bg4 6. cxd5 Nxd5 7. Be2 Bxf3 8.
Bxf3 Be7 9. a3 O-O 10. O-O Qd7 11. Nc3 Nb6 12. Rc1 Rad8 13. Rc2 f6 14. Qe2 f5
15. Rfc1 Bd6 16. Bxc6 Qxc6 17. Nb5 Qd5 18. d4 exd4 19. Nxc7 Qxb3 20. Bxd4 Bxa3
21. Rc3 Qb2 22. Qf3 Qa2 23. Rd1 Bb4 24. Rcd3 Rc8 25. Qg3 Rf7 26. Be5 Bf8 27.
Nb5 Qc4 28. Nd6 Qxd3 29. Rf1 Bxd6 30. Bxd6 Nc4 31. Bb4 Nd2 32. Rd1 Qe2 0-1

[Event "European Youth Chess Championship B18"]
[Site "Prague, Top Hotel Prague"]
[Date "2012.08.22"]
[Round "6.41"]
[White "Panainte, Daniel-Iulian"]
[Black "Poska, Karolis"]
[Result "0-1"]
[WhiteElo "2005"]
[BlackElo "1884"]
[PlyCount "57"]
[EventDate "2012.08.17"]

1. e4 c5 2. Nf3 Nc6 3. d4 cxd4 4. Nxd4 e5 5. Nb5 d6 6. N1c3 a6 7. Na3 b5 8. Nd5
Nf6 9. Bg5 Be7 10. Bxf6 Bxf6 11. c3 Bg5 12. Nc2 O-O 13. a4 bxa4 14. Rxa4 a5 15.
Bc4 Rb8 16. Ra2 Kh8 17. Nce3 g6 18. O-O Bh6 19. Qd3 f5 20. exf5 gxf5 21. f4 Rb7
22. Ba6 Rg7 23. Bxc8 Qxc8 24. fxe5 Nxe5 25. Qd4 Nc6 26. Qc4 Qe6 27. Nd1 Ne5 28.
Qd4 Rg4 29. Nf4 0-1

[Event "European Youth Chess Championship B18"]
[Site "Prague, Top Hotel Prague"]
[Date "2012.08.22"]
[Round "6.42"]
[White "Belsley, Alexandre"]
[Black "Petras, Marian"]
[Result "1/2-1/2"]
[WhiteElo "1842"]
[BlackElo "1958"]
[PlyCount "83"]
[EventDate "2012.08.17"]

1. d4 d5 2. c4 c6 3. Nf3 Nf6 4. e3 Bf5 5. Nc3 e6 6. Qb3 Qb6 7. c5 Qc7 8. Nh4
Bg6 9. Nxg6 hxg6 10. h3 Nbd7 11. Bd3 e5 12. Bd2 Be7 13. O-O-O Rh4 14. g3 Rh8
15. Kb1 Rb8 16. Qc2 Kf8 17. Rc1 Ne8 18. Ka1 Bf6 19. dxe5 Nxe5 20. e4 Nxd3 21.
Qxd3 Rd8 22. exd5 Bxc3 23. Qxc3 Rxd5 24. Bf4 Qd7 25. h4 Rhh5 26. Rhe1 Kg8 27.
Bg5 f6 28. Bf4 Rxc5 29. Qxc5 Rxc5 30. Rxc5 Nc7 31. Bxc7 Qxc7 32. Rec1 Qd6 33.
a3 Kf7 34. R5c3 Qe6 35. R1c2 Qd5 36. Rc1 Qf5 37. R1c2 Ke7 38. Re2+ Kd7 39. Rce3
Qc5 40. Kb1 Qf5+ 41. Ka1 Qc5 42. Kb1 1/2-1/2

[Event "European Youth Chess Championship B18"]
[Site "Prague, Top Hotel Prague"]
[Date "2012.08.22"]
[Round "6.43"]
[White "Alfimov, Igor"]
[Black "Pospisil, Martin"]
[Result "1/2-1/2"]
[WhiteElo "1969"]
[BlackElo "2084"]
[PlyCount "56"]
[EventDate "2012.08.17"]

1. d4 Nf6 2. c4 c5 3. d5 e5 4. Nc3 d6 5. g3 Be7 6. Bg2 O-O 7. Nf3 Nbd7 8. O-O
Ne8 9. e4 g6 10. Qd3 Ng7 11. Ne1 a6 12. a4 b6 13. f4 f6 14. f5 g5 15. g4 a5 16.
Bd2 Ba6 17. b3 Rf7 18. Nf3 h6 19. Kf2 Rf8 20. Rh1 Kf7 21. h3 Qc7 22. Rh2 Rac8
23. Rc1 Rh8 24. Rch1 Qb8 25. Rc1 Qc7 26. Rch1 Qb8 27. Rc1 Qc7 28. Rch1 Qb8
1/2-1/2